[Event "7eme open international de La Fere"]
[Site "La Fere (FRA)"]
[Date "2008.07.09"]
[Round "6.52"]
[White "Gaubert, Virginie"]
[Black "Godart, Michel"]
[Result "1/2-1/2"]
[WhiteElo "1550"]
[BlackElo "1820"]
[PlyCount "50"]
[EventDate "2008.??.??"]

1. c4 Nf6 2. Nc3 e5 3. g3 c6 4. Nf3 e4 5. Nd4 Bc5 6. Nb3 Bb6 7. Bg2 d5 8. cxd5
cxd5 9. O-O O-O 10. d3 Bf5 11. Bg5 exd3 12. Nxd5 dxe2 13. Qxe2 Nbd7 14. Nxf6+
gxf6 15. Bf4 Re8 16. Qh5 Bg6 17. Qg4 Ne5 18. Bxe5 fxe5 19. Be4 Qe7 20. h4 Kh8
21. Bxg6 hxg6 22. Rac1 Red8 23. Rfd1 Qf6 24. Qe2 Rxd1+ 25. Rxd1 Qe6 1/2-1/2

[Event "7eme open international de La Fere"]
[Site "La Fere (FRA)"]
[Date "2008.07.09"]
[Round "6.53"]
[White "Belloc, Sidonie"]
[Black "Gobeaut, Claudine"]
[Result "1-0"]
[WhiteElo "1804"]
[BlackElo "1548"]
[PlyCount "57"]
[EventDate "2008.??.??"]

1. e4 e5 2. Nf3 Nc6 3. Bc4 h6 4. c3 Nf6 5. d3 Bc5 6. b4 Bb6 7. a4 a6 8. a5 Ba7
9. Qb3 O-O 10. O-O d6 11. h3 Qe7 12. Na3 b5 13. axb6 cxb6 14. b5 Na5 15. Qb2
Nxc4 16. Nxc4 a5 17. Be3 Rb8 18. Qa3 Rd8 19. Nfxe5 Bb7 20. Nf3 Qc7 21. Nxa5 Ra8
22. Nxb7 Qxb7 23. Nd4 Rd7 24. Nc6 Ne8 25. Ra2 f6 26. Rfa1 d5 27. Nxa7 Nd6 28.
Qb3 Rxa7 29. Rxa7 1-0

[Event "7eme open international de La Fere"]
[Site "La Fere (FRA)"]
[Date "2008.07.09"]
[Round "6.54"]
[White "Colnot, Loic"]
[Black "Pavillon, Guillaume"]
[Result "0-1"]
[WhiteElo "1470"]
[BlackElo "1797"]
[PlyCount "132"]
[EventDate "2008.??.??"]

1. e4 e6 2. d4 d5 3. e5 c5 4. c3 Nc6 5. Bb5 Qb6 6. Bxc6+ bxc6 7. Ne2 cxd4 8.
cxd4 Ne7 9. O-O Nf5 10. Be3 Qxb2 11. Nbc3 Qb7 12. Rb1 Qc7 13. Qd2 a5 14. Rfc1
Qd7 15. Na4 Qd8 16. Nb6 Bb4 17. Qc2 Qxb6 18. a3 Bd7 19. axb4 Nxe3 20. fxe3 axb4
21. Nf4 O-O 22. Nh3 f6 23. exf6 Rxf6 24. Ng5 Rg6 25. Nf3 Rf6 26. Ng5 g6 27. Nf3
Ra3 28. Rb3 Rf8 29. Ne5 Qb7 30. Rcb1 Rxb3 31. Rxb3 Qa6 32. Rb1 Qb7 33. Nxd7
Qxd7 34. Rxb4 Qf7 35. Rb1 Rc8 36. Rf1 Qe7 37. Qa4 c5 38. dxc5 Qxc5 39. Qf4 Rf8
40. Qe5 Re8 41. Qf6 Qxe3+ 42. Kh1 Qa7 43. h3 Qe7 44. Qe5 Qd7 45. Rd1 Rf8 46.
Qd4 Qd6 47. Kg1 e5 48. Qa7 d4 49. Qa2+ Kg7 50. Qa7+ Rf7 51. Qa1 Qb4 52. Qc1 Qc3
53. Qg5 Qe3+ 54. Qxe3 dxe3 55. Re1 Kf6 56. Rxe3 Ke6 57. Kh2 Kd5 58. Kg3 e4 59.
Kg4 Kd4 60. Rg3 e3 61. Kg5 e2 62. Kh6 e1=Q 63. Rg4+ Kd5 64. Rg5+ Kd6 65. Rg4
Qe5 66. Rh4 Qe3+ 0-1

[Event "7eme open international de La Fere"]
[Site "La Fere (FRA)"]
[Date "2008.07.09"]
[Round "6.55"]
[White "Rouffignac, Marie"]
[Black "Christophe, Jean-Francois"]
[Result "0-1"]
[WhiteElo "1390"]
[BlackElo "1780"]
[PlyCount "77"]
[EventDate "2008.??.??"]

1. e4 e6 2. d4 d5 3. exd5 exd5 4. Bd3 Bd6 5. Ne2 Ne7 6. Nbc3 c6 7. Be3 Qc7 8.
h3 Be6 9. Qd2 Nd7 10. a3 h6 11. O-O-O b6 12. g4 c5 13. Nb5 Qc6 14. Nxd6+ Qxd6
15. Ng3 c4 16. Be2 a5 17. h4 b5 18. Kb1 b4 19. a4 Nb6 20. Bf4 Qc6 21. b3 Bd7
22. Rc1 c3 23. Qe3 Nxa4 24. Qd3 Nb2 25. Qe3 a4 26. Nf5 Bxf5 27. gxf5 axb3 28.
cxb3 O-O 29. Rhg1 Nxf5 30. Qe5 Qe6 31. Qxe6 fxe6 32. Be5 Ra7 33. Bg4 Rfa8 34.
Bxf5 exf5 35. Kc2 Kh7 36. Rg3 g6 37. Rcg1 Ra2 38. Rxg6 Nc4+ 39. Kd3 0-1

[Event "7eme open international de La Fere"]
[Site "La Fere (FRA)"]
[Date "2008.07.09"]
[Round "6.56"]
[White "Daniel, Antoine"]
[Black "Colnot, Nicolas"]
[Result "1-0"]
[WhiteElo "1770"]
[BlackElo "1480"]
[PlyCount "39"]
[EventDate "2008.??.??"]

1. e4 g6 2. d4 Bg7 3. Be3 e6 4. Nc3 Ne7 5. Qd2 O-O 6. h4 h5 7. Be2 Kh7 8. g4
Ng8 9. gxh5 gxh5 10. Bxh5 Bh6 11. Nh3 Nc6 12. Ng5+ Kg7 13. Rg1 Qf6 14. Nxe6+
Kh8 15. Nxf8 Bxf8 16. O-O-O Nce7 17. d5 d6 18. Bd4 Qxd4 19. Qxd4+ Bg7 20. Qxg7#
1-0

[Event "7eme open international de La Fere"]
[Site "La Fere (FRA)"]
[Date "2008.07.09"]
[Round "6.57"]
[White "Lepere, Rodrigue"]
[Black "Tenot, Fabrice"]
[Result "0-1"]
[WhiteElo "1360"]
[BlackElo "1760"]
[PlyCount "82"]
[EventDate "2008.??.??"]

1. Nf3 Nf6 2. b3 c5 3. Bb2 Nc6 4. g3 g6 5. Bg2 Bg7 6. O-O O-O 7. d3 d6 8. e4
Bg4 9. Nbd2 Nd7 10. Bxg7 Kxg7 11. h3 Be6 12. Re1 Rb8 13. c4 f6 14. Nh4 Nde5 15.
Qe2 Nd4 16. Qd1 Nxd3 17. Ndf3 Nxf3+ 18. Nxf3 Nxe1 19. Qxe1 h6 20. Qc3 Kf7 21.
Rd1 Qc7 22. e5 dxe5 23. Nh4 Rg8 24. Bd5 Bxd5 25. Rxd5 Rbd8 26. Qf3 Rxd5 27.
Qxd5+ e6 28. Qd2 g5 29. Ng2 Rd8 30. Qc2 Kg7 31. h4 Qf7 32. f4 Qg6 33. Qf2 b6
34. a3 Qb1+ 35. Kh2 Rd1 36. g4 Rh1+ 37. Kg3 Qxb3+ 38. Ne3 gxf4+ 39. Kg2 Qxe3
40. Qxe3 fxe3 41. Kxh1 e2 0-1

[Event "7eme open international de La Fere"]
[Site "La Fere (FRA)"]
[Date "2008.07.09"]
[Round "6.58"]
[White "Rachenne, Romain"]
[Black "Cassol, Robert"]
[Result "1-0"]
[WhiteElo "1736"]
[BlackElo "1440"]
[PlyCount "105"]
[EventDate "2008.??.??"]

1. e4 c5 2. Nf3 d6 3. Nc3 a6 4. a4 Nc6 5. Bc4 e6 6. d3 h6 7. Bf4 Be7 8. O-O Bf6
9. Re1 Nge7 10. e5 dxe5 11. Nxe5 Nf5 12. Nxc6 bxc6 13. Be5 Bxe5 14. Rxe5 Qd4
15. Qf3 Bb7 16. Rae1 O-O 17. R1e4 Qd8 18. Rg4 Qb6 19. Bb3 c4 20. Rxc4 Rad8 21.
Rg4 c5 22. Qh3 Rd4 23. Ne4 Qb4 24. g3 Qe1+ 25. Kg2 Ne3+ 26. fxe3 Qe2+ 27. Kg1
Qxe3+ 28. Kf1 Qf3+ 29. Ke1 Qe3+ 30. Kd1 Rxd3+ 31. cxd3 Qxd3+ 32. Nd2 Bf3+ 33.
Kc1 Bxg4 34. Qxg4 Rd8 35. Qe2 Qd4 36. Qe3 g5 37. Qxd4 cxd4 38. h4 Rc8+ 39. Nc4
f5 40. hxg5 hxg5 41. Rxe6 g4 42. Rxa6 f4 43. Rg6+ Kh7 44. Rxg4 f3 45. Rf4 Kh6
46. Rxf3 Kg5 47. Kc2 Kg4 48. Rf4+ Kxg3 49. Rxd4 Kf2 50. a5 Re8 51. a6 Re2+ 52.
Rd2 Rxd2+ 53. Kxd2 1-0

[Event "7eme open international de La Fere"]
[Site "La Fere (FRA)"]
[Date "2008.07.10"]
[Round "7.2"]
[White "Drenchev, Petar"]
[Black "Degraeve, Jean-Marc"]
[Result "1/2-1/2"]
[WhiteElo "2450"]
[BlackElo "2523"]
[PlyCount "115"]
[EventDate "2008.??.??"]

1. Nf3 Nf6 2. g3 g6 3. Bg2 Bg7 4. O-O O-O 5. c4 d6 6. d4 c6 7. Nc3 Bf5 8. Re1
Ne4 9. Qb3 Nxc3 10. bxc3 Bc8 11. e4 Nd7 12. h3 Re8 13. Ba3 Qc7 14. Rad1 a6 15.
Nh2 c5 16. Ng4 Rb8 17. Bc1 b5 18. Nh6+ Kf8 19. cxb5 c4 20. Qc2 axb5 21. Ng4 Bb7
22. f4 Nf6 23. Nxf6 Bxf6 24. f5 e6 25. fxg6 fxg6 26. Rf1 Kg7 27. Bh6+ Kxh6 28.
Rxf6 Rf8 29. Rdf1 Rxf6 30. Rxf6 Qe7 31. Rf1 Bc6 32. Kh2 e5 33. h4 Kg7 34. Qd2
Rd8 35. Rd1 Ra8 36. Rf1 exd4 37. Qxd4+ Kg8 38. Rf2 Qe5 39. Qe3 Re8 40. Qf3 Qe7
41. Qf4 Kg7 42. a3 Ra8 43. Rd2 Qe5 44. Rxd6 Qxf4 45. gxf4 Be8 46. f5 gxf5 47.
exf5 Rxa3 48. f6+ Kf8 49. Rd8 Ra6 50. Bf3 Rxf6 51. Bh5 Re6 52. Rb8 Re5 53. Bxe8
Rxe8 54. Rxb5 Re3 55. Rb7 Rxc3 56. Rxh7 Rd3 57. Rc7 c3 58. Kg2 1/2-1/2

[Event "7eme open international de La Fere"]
[Site "La Fere (FRA)"]
[Date "2008.07.10"]
[Round "7.3"]
[White "Abbasov, Farid"]
[Black "Marzolo, Cyril"]
[Result "1-0"]
[WhiteElo "2552"]
[BlackElo "2487"]
[PlyCount "78"]
[EventDate "2008.??.??"]

1. c4 Nf6 2. Nc3 e5 3. g3 Bb4 4. Bg2 O-O 5. Nf3 Re8 6. O-O e4 7. Nd4 Nc6 8. Nc2
Bxc3 9. bxc3 d5 10. cxd5 Qxd5 11. d4 Qh5 12. Ne3 Bh3 13. Rb1 b6 14. Qa4 Bxg2
15. Kxg2 Ne7 16. Qb4 Qg6 17. c4 c6 18. Qa4 h5 19. Ba3 Ng4 20. Bxe7 Rxe7 21.
Rxb6 Re6 22. h3 Nxe3+ 23. fxe3 Qg5 24. h4 Qxe3 25. Rxc6 Qxe2+ 26. Rf2 Qg4 27.
Rxe6 fxe6 28. Qa3 Rc8 29. c5 Rf8 30. Qe3 Rxf2+ 31. Kxf2 Qf5+ 32. Ke1 Qd5 33.
Qc3 e3 34. Qxe3 Qxa2 35. Qc3 Qb1+ 36. Kd2 Qb8 37. c6 Qc7 38. Qc5 g6 39. Qb5
Qxg3 1-0

[Event "7eme open international de La Fere"]
[Site "La Fere (FRA)"]
[Date "2008.07.10"]
[Round "7.4"]
[White "Gozzoli, Yannick"]
[Black "Ninov, Nikolai"]
[Result "1/2-1/2"]
[WhiteElo "2502"]
[BlackElo "2515"]
[PlyCount "53"]
[EventDate "2008.??.??"]

1. d4 d5 2. c4 e6 3. Nc3 c6 4. Nf3 dxc4 5. a4 Bb4 6. e3 b5 7. Bd2 Bb7 8. axb5
Bxc3 9. Bxc3 cxb5 10. b3 a5 11. bxc4 b4 12. Bb2 Nf6 13. Bd3 Nbd7 14. O-O O-O
15. Re1 Ne4 16. c5 Bc6 17. Qc2 f5 18. Bc4 Re8 19. Bb3 Qc7 20. Red1 Bd5 21. Ba4
g5 22. Bxd7 Qxd7 23. Ne5 Qc7 24. f3 Nf6 25. Re1 h6 26. g4 Qh7 27. Qa4 1/2-1/2

[Event "7eme open international de La Fere"]
[Site "La Fere (FRA)"]
[Date "2008.07.10"]
[Round "7.5"]
[White "Houriez, Clement"]
[Black "Meijers, Viesturs"]
[Result "1/2-1/2"]
[WhiteElo "2276"]
[BlackElo "2496"]
[PlyCount "79"]
[EventDate "2008.??.??"]

1. e4 c5 2. Nf3 e6 3. d4 cxd4 4. Nxd4 a6 5. Be2 Nf6 6. Nc3 Bb4 7. Qd3 d5 8. e5
Ne4 9. O-O Bxc3 10. bxc3 Qc7 11. c4 Qxe5 12. Ba3 Nd7 13. cxd5 Qxd5 14. Bf3 f5
15. Nxf5 Qxd3 16. cxd3 exf5 17. dxe4 Ne5 18. Bh5+ g6 19. exf5 gxh5 20. Rae1 Kf7
21. Rxe5 Kf6 22. Bb2 Rf8 23. Rd1 Kf7 24. f3 b5 25. g4 Ra7 26. Kg2 Rc7 27. Rd2
Re7 28. Kg3 Rxe5 29. Bxe5 Re8 30. Bb2 b4 31. Kh4 hxg4 32. fxg4 a5 33. Bd4 Re4
34. Be5 Bxf5 35. Rd4 Rxd4 36. Bxd4 Bb1 37. Bb6 a4 38. Ba5 b3 39. axb3 axb3 40.
Bc3 1/2-1/2

[Event "7eme open international de La Fere"]
[Site "La Fere (FRA)"]
[Date "2008.07.10"]
[Round "7.6"]
[White "Le Goff, Damien"]
[Black "Riff, Jean-Noel"]
[Result "0-1"]
[WhiteElo "2261"]
[BlackElo "2481"]
[PlyCount "102"]
[EventDate "2008.??.??"]

1. e4 c5 2. Nf3 d6 3. d4 Nf6 4. Nc3 cxd4 5. Nxd4 e6 6. Be2 Be7 7. O-O O-O 8.
Be3 Nc6 9. Kh1 Qc7 10. f4 Nxd4 11. Qxd4 b6 12. Qd2 Bb7 13. Bd3 Rfd8 14. Qe2
Rac8 15. Rae1 d5 16. e5 Ne4 17. Nb5 Qd7 18. Nd4 Bc5 19. c3 Qe7 20. Qh5 g6 21.
Qh3 Rf8 22. g4 f5 23. gxf5 exf5 24. Rg1 Rf7 25. b4 Bxd4 26. Bxd4 Rxc3 27. e6
Qxe6 28. Bxc3 d4 29. Bxe4 Bxe4+ 30. Rg2 dxc3 31. Qxc3 Qc6 32. Qxc6 Bxc6 33. Rc1
Bxg2+ 34. Kxg2 Rd7 35. Kg3 Kg7 36. a4 Rd3+ 37. Kf2 Rd4 38. Ke3 Re4+ 39. Kf3 a6
40. Rc7+ Kh6 41. Ra7 Rxb4 42. Rxa6 Kh5 43. a5 bxa5 44. Rxa5 Rb3+ 45. Kg2 Kg4
46. Ra7 Rb2+ 47. Kg1 Kf3 48. h4 Kg3 49. Kf1 Kxh4 50. Rxh7+ Kg4 51. Rg7 Rb6 0-1

[Event "7eme open international de La Fere"]
[Site "La Fere (FRA)"]
[Date "2008.07.10"]
[Round "7.7"]
[White "Gaponenko, Inna"]
[Black "Forthofer, Robert"]
[Result "1-0"]
[WhiteElo "2468"]
[BlackElo "2243"]
[PlyCount "59"]
[EventDate "2008.??.??"]

1. e4 c5 2. Nf3 d6 3. d4 cxd4 4. Nxd4 Nf6 5. Nc3 g6 6. Be3 Bg7 7. f3 O-O 8. Qd2
Nc6 9. Bc4 Nd7 10. O-O-O Nb6 11. Bb3 Na5 12. Qd3 Bd7 13. h4 Rc8 14. h5 Nbc4 15.
hxg6 fxg6 16. Bg5 Nxb3+ 17. cxb3 Qa5 18. Bxe7 Ne5 19. Qc2 b5 20. Bxf8 Bxf8 21.
b4 Qxb4 22. Kb1 Nc4 23. Qb3 Qc5 24. Nd5 Bg7 25. Ne7+ Kf8 26. Nxc8 Bxd4 27. Nxd6
Qxd6 28. Qd3 Be5 29. Qxd6+ Nxd6 30. f4 1-0

[Event "7eme open international de La Fere"]
[Site "La Fere (FRA)"]
[Date "2008.07.10"]
[Round "7.8"]
[White "Demanghon, Jonathan"]
[Black "Sanduleac, Vasile"]
[Result "0-1"]
[WhiteElo "2213"]
[BlackElo "2466"]
[PlyCount "91"]
[EventDate "2008.??.??"]

1. d4 d5 2. c4 c6 3. Nf3 Nf6 4. e3 a6 5. Bd3 g6 6. O-O Bg7 7. h3 O-O 8. Nc3
Nbd7 9. cxd5 Nxd5 10. Nxd5 cxd5 11. Qb3 Nf6 12. Bd2 Ne4 13. Rfd1 Nxd2 14. Rxd2
Qd6 15. Rc1 Rb8 16. Rdc2 Bd7 17. Qc3 Rfd8 18. Qc7 Qxc7 19. Rxc7 e6 20. R1c3 Be8
21. Rb3 b5 22. Ra7 Ra8 23. Rxa8 Rxa8 24. Rc3 Bf8 25. Ne5 f6 26. Nc6 Bd6 27. a3
Kf8 28. Rc2 Bd7 29. Na5 b4 30. Nb7 bxa3 31. Nxd6 a2 32. Rc1 Rb8 33. Ra1 Rxb2
34. Kh2 Ke7 35. Nb7 Rxb7 36. Rxa2 Bb5 37. Rb2 Kd6 38. Kg3 Kc6 39. Be2 Kb6 40.
Kf4 Kc6 41. h4 Kd6 42. g4 Rc7 43. f3 Rc3 44. h5 g5+ 45. Kg3 h6 46. Rb1 0-1

[Event "7eme open international de La Fere"]
[Site "La Fere (FRA)"]
[Date "2008.07.10"]
[Round "7.9"]
[White "Wirig, Anthony"]
[Black "Van Kampen, Robin"]
[Result "1/2-1/2"]
[WhiteElo "2456"]
[BlackElo "2294"]
[PlyCount "50"]
[EventDate "2008.??.??"]

1. d4 d5 2. Nf3 Nf6 3. c4 c6 4. e3 Bg4 5. h3 Bxf3 6. Qxf3 e6 7. Nc3 Nbd7 8. Bd3
Bb4 9. Bd2 O-O 10. a3 Ba5 11. b4 Bc7 12. cxd5 cxd5 13. O-O Re8 14. e4 e5 15.
Bg5 h6 16. Bh4 g5 17. Bg3 exd4 18. Nxd5 Nxd5 19. exd5 Ne5 20. Qf5 Nxd3 21. Bxc7
Qxc7 22. Qxd3 Qe5 23. Rad1 Qxd5 24. Qxd4 Qxd4 25. Rxd4 Rad8 1/2-1/2

[Event "7eme open international de La Fere"]
[Site "La Fere (FRA)"]
[Date "2008.07.10"]
[Round "7.11"]
[White "Defrance, Laurent"]
[Black "Konguvel, Ponnuswamy"]
[Result "1/2-1/2"]
[WhiteElo "2167"]
[BlackElo "2415"]
[PlyCount "85"]
[EventDate "2008.??.??"]

1. d4 Nf6 2. c4 g6 3. g3 Bg7 4. Bg2 d5 5. Nf3 O-O 6. O-O dxc4 7. Na3 Nc6 8.
Nxc4 Be6 9. b3 Bd5 10. Bb2 a5 11. Nfe5 Bxg2 12. Kxg2 a4 13. Nxc6 bxc6 14. Ne5
Ra6 15. Qd3 Rb6 16. e4 axb3 17. axb3 Nd7 18. Nc4 Rb5 19. Ra3 Nc5 20. Qe3 Ne6
21. Rd1 Qd7 22. e5 f6 23. Rd2 Ng5 24. h4 Qh3+ 25. Kg1 Nf7 26. Qe4 Qe6 27. Ra6
Qd5 28. Qg2 Nd8 29. Qxd5+ cxd5 30. Ne3 fxe5 31. dxe5 e6 32. Ra7 c5 33. Rc7 Bh6
34. Re2 Bxe3 35. Rxe3 c4 36. Ra7 Nc6 37. Ra6 d4 38. Re2 Rxe5 39. Rxe5 Nxe5 40.
bxc4 Rb8 41. Rxe6 Nf3+ 42. Kg2 Nxh4+ 43. gxh4 1/2-1/2

[Event "7eme open international de La Fere"]
[Site "La Fere (FRA)"]
[Date "2008.07.10"]
[Round "7.12"]
[White "Pytel, Krzysztof"]
[Black "Nijs, Nils"]
[Result "1/2-1/2"]
[WhiteElo "2391"]
[BlackElo "2150"]
[PlyCount "121"]
[EventDate "2008.??.??"]

1. d4 d5 2. Nf3 Nf6 3. e3 c6 4. c4 Bf5 5. cxd5 cxd5 6. Qb3 Qc7 7. Bd2 e6 8. Nc3
Nc6 9. Bb5 Bd6 10. Rc1 Rb8 11. Nh4 Be4 12. Be2 a6 13. f3 Bg6 14. Nxg6 hxg6 15.
f4 g5 16. fxg5 Nd7 17. g6 f5 18. Bf3 Rxh2 19. Ke2 Nf6 20. Rxh2 Bxh2 21. Na4 Ne4
22. Qb6 Qg3 23. Be1 Qxg6 24. a3 Qf7 25. Nc5 Bc7 26. Qb3 Nxc5 27. Rxc5 Bd6 28.
Rc1 Kf8 29. Bd2 Kg8 30. Rh1 Rc8 31. Kd1 b5 32. Qd3 Ne7 33. g4 Qg6 34. gxf5 Qxf5
35. e4 dxe4 36. Bxe4 Qg4+ 37. Bf3 Qf5 38. Qxf5 Nxf5 39. d5 e5 40. Bg4 Rf8 41.
Re1 g6 42. Bc3 Re8 43. Kc2 Kf7 44. Kd3 Kf6 45. Rh1 Kg5 46. Bh3 e4+ 47. Kc2 Be5
48. Bd2+ e3 49. Rg1+ Kf6 50. Bxf5 exd2 51. Bd3 g5 52. Kxd2 Bxb2 53. Rf1+ Kg7
54. Rh1 Bxa3 55. Rh7+ Kg8 56. Ra7 Rd8 57. Rxa6 Bb4+ 58. Ke2 Rxd5 59. Rb6 Kg7
60. Rxb5 Rxb5 61. Bxb5 1/2-1/2

[Event "7eme open international de La Fere"]
[Site "La Fere (FRA)"]
[Date "2008.07.10"]
[Round "7.13"]
[White "Delorme, Laurie"]
[Black "Goldsztejn, Gildas"]
[Result "0-1"]
[WhiteElo "2155"]
[BlackElo "2374"]
[PlyCount "84"]
[EventDate "2008.??.??"]

1. d4 Nf6 2. c4 g6 3. Nc3 Bg7 4. Nf3 O-O 5. Bg5 c5 6. d5 d6 7. e3 Na6 8. Be2
Nc7 9. Nd2 h6 10. Bh4 e6 11. O-O exd5 12. cxd5 b6 13. e4 Re8 14. Re1 Rb8 15. a4
a6 16. Rb1 b5 17. axb5 axb5 18. b4 cxb4 19. Rxb4 Bd7 20. Qc1 Na6 21. Rxb5 Bxb5
22. Bxb5 Nc5 23. Bxe8 Nd3 24. Qd1 Nxe1 25. Bb5 Qa5 26. Qxe1 Qxc3 27. Bf1 g5 28.
Bg3 Rb2 29. e5 dxe5 30. Nf3 Qxe1 31. Nxe1 Nxd5 32. Nd3 Rb1 33. Bxe5 Bf8 34. g4
Nb4 35. Nxb4 Rxb4 36. h3 Bc5 37. Kg2 Re4 38. Bg3 Rd4 39. Be2 Rd2 40. Bc4 Kg7
41. h4 gxh4 42. Bxh4 h5 0-1

[Event "7eme open international de La Fere"]
[Site "La Fere (FRA)"]
[Date "2008.07.10"]
[Round "7.16"]
[White "Haast, Mark"]
[Black "Chetverik, Maxim"]
[Result "0-1"]
[WhiteElo "2089"]
[BlackElo "2321"]
[PlyCount "56"]
[EventDate "2008.??.??"]

1. e4 a6 2. c4 e5 3. Nf3 Nc6 4. Nc3 Nf6 5. a3 Bc5 6. Nxe5 Nxe5 7. d4 Bxd4 8.
Qxd4 Nc6 9. Qd1 h6 10. Be3 d6 11. f3 Be6 12. h4 Nh5 13. Bf2 Ne5 14. g4 Qf6 15.
gxh5 Nxf3+ 16. Ke2 Bg4 17. Ke3 Ne5 18. Nd5 Qd8 19. Qb3 c6 20. Nf4 b5 21. Kd2
bxc4 22. Qc3 Rb8 23. Kc2 Rb3 24. Qd2 Qf6 25. Bxc4 Rf3 26. Be2 Qxf4 27. Be3
Qxe4+ 28. Qd3 Bf5 0-1

[Event "7eme open international de La Fere"]
[Site "La Fere (FRA)"]
[Date "2008.07.10"]
[Round "7.17"]
[White "Ringoir, Tanguy"]
[Black "Feryn, Alexandre"]
[Result "1-0"]
[WhiteElo "2321"]
[BlackElo "1940"]
[PlyCount "103"]
[EventDate "2008.??.??"]

1. e4 c5 2. Nc3 a6 3. f4 b5 4. Nf3 Bb7 5. d3 e6 6. Qe2 Nf6 7. g3 Be7 8. e5 Nd5
9. Ne4 Nc6 10. c3 d6 11. exd6 Bxd6 12. Nxd6+ Qxd6 13. Bg2 O-O 14. O-O Rfd8 15.
Nd2 Nf6 16. Nb3 Rab8 17. Be3 Qxd3 18. Qxd3 Rxd3 19. Bxc5 Nd8 20. Rfd1 Rxd1+ 21.
Rxd1 Bxg2 22. Kxg2 Nb7 23. Kf3 Rc8 24. Bg1 Kf8 25. Rd4 Ke7 26. a4 Nd6 27. axb5
axb5 28. Rd2 Nfe4 29. Rd1 f5 30. Ra1 Rc7 31. Nd4 h6 32. Ra6 Rb7 33. Nc6+ Kd7
34. Na5 Rc7 35. Bb6 Rc8 36. Ra7+ Ke8 37. Rxg7 Nd2+ 38. Ke2 N2c4 39. Nxc4 Nxc4
40. Bd4 Nxb2 41. Rb7 Na4 42. Kd2 Nc5 43. Rxb5 Ne4+ 44. Kc2 Kf7 45. Rb7+ Kg6 46.
Re7 Rc6 47. Kb3 Nd2+ 48. Kb4 Nf3 49. Be5 Nxe5 50. fxe5 Kg5 51. Rg7+ Kh5 52. c4
1-0

[Event "7eme open international de La Fere"]
[Site "La Fere (FRA)"]
[Date "2008.07.10"]
[Round "7.18"]
[White "Pytel, Bozena"]
[Black "Jossien, Remy"]
[Result "0-1"]
[WhiteElo "1966"]
[BlackElo "2291"]
[PlyCount "82"]
[EventDate "2008.??.??"]

1. Nf3 g6 2. d4 Bg7 3. c4 d6 4. Nc3 Nd7 5. e4 e5 6. d5 a5 7. Bd3 Ne7 8. Bg5 h6
9. Be3 f5 10. g3 Nf6 11. h3 O-O 12. Qe2 c6 13. Rd1 cxd5 14. cxd5 fxe4 15. Nxe4
Nfxd5 16. Bc4 Be6 17. Nfg5 hxg5 18. Nxg5 Bd7 19. Rxd5 Nxd5 20. Bxd5+ Kh8 21.
O-O Qf6 22. Qc4 Bh6 23. Qh4 Kg7 24. Ne6+ Bxe6 25. Bxh6+ Kf7 26. Qxf6+ Kxf6 27.
Bxf8 Rxf8 28. Bxe6 Kxe6 29. Rc1 d5 30. Kf1 d4 31. Rc7 Kd5 32. Ke2 Ke4 33. Rxb7
d3+ 34. Ke1 Rc8 35. Rb6 Rc1+ 36. Kd2 Rc2+ 37. Ke1 a4 38. Rxg6 Re2+ 39. Kd1 Rxf2
40. b4 Ke3 41. Kc1 a3 0-1

[Event "7eme open international de La Fere"]
[Site "La Fere (FRA)"]
[Date "2008.07.10"]
[Round "7.19"]
[White "Piankov, Evgenij"]
[Black "Demeestere, Laurent"]
[Result "1-0"]
[WhiteElo "2337"]
[BlackElo "1941"]
[PlyCount "85"]
[EventDate "2008.??.??"]

1. d4 Nf6 2. Nf3 g6 3. Bg5 Bg7 4. Nbd2 d5 5. e3 c5 6. c3 b6 7. Bd3 Bb7 8. O-O
O-O 9. Qe2 Nbd7 10. Rfd1 Ne4 11. Bh4 h6 12. Bc2 g5 13. Bg3 cxd4 14. Nxe4 dxe4
15. Nxd4 Bxd4 16. Rxd4 Qc8 17. Qh5 Kh7 18. Rxe4 Bxe4 19. Bxe4+ f5 20. Bxa8 Qxa8
21. Rd1 Nf6 22. Qe2 Rd8 23. Rd4 Rxd4 24. cxd4 Qe4 25. Qd1 f4 26. exf4 gxf4 27.
f3 Qf5 28. Bf2 Nd5 29. Qe1 Ne3 30. Bxe3 fxe3 31. Qxe3 Qb1+ 32. Kf2 Qxb2+ 33.
Kg3 Qb4 34. Qe4+ Kg7 35. Qe5+ Kf7 36. h4 Qc3 37. h5 Qc6 38. d5 Qd7 39. Kf4 Qa4+
40. Qe4 Qxe4+ 41. Kxe4 Kf6 42. f4 a6 43. g4 1-0

[Event "7eme open international de La Fere"]
[Site "La Fere (FRA)"]
[Date "2008.07.10"]
[Round "7.20"]
[White "Lamerant, Olivier"]
[Black "Bensdorp, Marlies"]
[Result "0-1"]
[WhiteElo "2090"]
[BlackElo "2284"]
[PlyCount "72"]
[EventDate "2008.??.??"]

1. e4 e6 2. d4 d5 3. e5 c5 4. c3 Qb6 5. Nf3 Nc6 6. Bd3 Bd7 7. dxc5 Bxc5 8. O-O
Qc7 9. b4 Bb6 10. Qe2 Nge7 11. Ba3 Ng6 12. Bxg6 hxg6 13. Nbd2 a6 14. b5 axb5
15. Bd6 Qd8 16. Rfb1 Bc7 17. Rxb5 Bxd6 18. exd6 O-O 19. Rxb7 Bc8 20. Rbb1 Qxd6
21. Qe3 Bd7 22. Rd1 Qc7 23. Nb3 Rfc8 24. Ng5 Qe5 25. c4 Qxe3 26. fxe3 dxc4 27.
Nc5 Be8 28. Nb7 Ne5 29. Nd6 Rd8 30. Nxe8 Rxe8 31. Rdc1 Ra3 32. Nf3 Nxf3+ 33.
gxf3 c3 34. Rc2 Rb8 35. Re1 Rb2 36. Ree2 Raxa2 0-1

[Event "7eme open international de La Fere"]
[Site "La Fere (FRA)"]
[Date "2008.07.10"]
[Round "7.21"]
[White "Lecouteux, Guilhem"]
[Black "Lauridsen, Jesper Morch"]
[Result "0-1"]
[WhiteElo "2027"]
[BlackElo "2262"]
[PlyCount "66"]
[EventDate "2008.??.??"]

1. d4 d5 2. c4 e6 3. Nc3 c5 4. cxd5 exd5 5. Nf3 Nc6 6. g3 Nf6 7. Bg2 Be7 8. O-O
O-O 9. Be3 cxd4 10. Nxd4 Be6 11. Rc1 Qd7 12. Nxc6 bxc6 13. Na4 Bh3 14. Nc5 Bxc5
15. Bxc5 Rfe8 16. f3 Bxg2 17. Kxg2 Qe6 18. Re1 h5 19. Qa4 Nd7 20. Bf2 Ne5 21.
b3 Rac8 22. Rc2 c5 23. Rec1 Nd7 24. Qxa7 d4 25. Qa5 h4 26. g4 Ne5 27. Rxc5 Ra8
28. Qd2 Nxg4 29. Qxd4 h3+ 30. Kg1 Nxf2 31. Qxf2 Rxa2 32. R5c2 Rxc2 33. Rxc2
Qg6+ 0-1

[Event "7eme open international de La Fere"]
[Site "La Fere (FRA)"]
[Date "2008.07.10"]
[Round "7.25"]
[White "Godart, Francois"]
[Black "Videnova, Iva"]
[Result "0-1"]
[WhiteElo "1985"]
[BlackElo "2211"]
[PlyCount "122"]
[EventDate "2008.??.??"]

1. d4 g6 2. Nf3 Bg7 3. c4 c5 4. e4 cxd4 5. Nxd4 Nc6 6. Be3 Nf6 7. Nc3 Ng4 8.
Qxg4 Nxd4 9. Qd1 Ne6 10. Rc1 Qa5 11. Qd2 d6 12. g3 Bd7 13. Bg2 Bc6 14. O-O g5
15. a3 g4 16. Bh6 Bxh6 17. Qxh6 Qg5 18. Qxg5 Nxg5 19. b4 b6 20. Rfe1 f6 21. Nd5
Rc8 22. Re3 Kd7 23. Rec3 Rhf8 24. Re1 Nf7 25. h3 h5 26. Nf4 Rh8 27. c5 e5 28.
Nd3 bxc5 29. bxc5 Bb5 30. Rec1 Bxd3 31. Rxd3 Rc7 32. Bf1 Rhc8 33. hxg4 hxg4 34.
Be2 Rxc5 35. Bxg4+ Ke7 36. Rxc5 Rxc5 37. Kg2 Nd8 38. f4 Nc6 39. Rb3 Na5 40. Rb1
Rc2+ 41. Kh3 exf4 42. gxf4 Rc3+ 43. Kh4 Nb3 44. Re1 Rc1 45. Rxc1 Nxc1 46. Bh5
Nd3 47. Kg4 Nb2 48. Kf5 Nc4 49. a4 a5 50. Be2 Ne3+ 51. Kg6 d5 52. Bd3 d4 53.
Kg7 Ng2 54. e5 f5 55. Bxf5 Nxf4 56. Kh6 d3 57. Kg5 d2 58. Bc2 Ng2 59. Kg4 Ne3+
60. Kf3 Nxc2 61. Ke2 Ne3 0-1

[Event "7eme open international de La Fere"]
[Site "La Fere (FRA)"]
[Date "2008.07.10"]
[Round "7.27"]
[White "Haast, Anne"]
[Black "Daniel, Antoine"]
[Result "1/2-1/2"]
[WhiteElo "2041"]
[BlackElo "1770"]
[PlyCount "153"]
[EventDate "2008.??.??"]

1. e4 Nf6 2. e5 Nd5 3. c4 Nb6 4. d4 d6 5. exd6 exd6 6. Nc3 Be7 7. Bd3 Nc6 8.
Nge2 Bf6 9. Be3 O-O 10. O-O Re8 11. b3 Bg5 12. Nf4 Bxf4 13. Bxf4 Qf6 14. Qd2
Bf5 15. Bxf5 Qxf5 16. Nb5 Rec8 17. d5 Ne5 18. Bxe5 Qxe5 19. Rae1 Qf6 20. f4 a6
21. Nd4 Nd7 22. g4 Re8 23. Nf5 Kf8 24. Rxe8+ Rxe8 25. Ng3 Qe7 26. Qc2 Kg8 27.
Kg2 Nc5 28. b4 Nd7 29. Rf2 Nf8 30. Re2 Qd7 31. Nf5 Ng6 32. Kg3 Rxe2 33. Qxe2
Kf8 34. Qb2 f6 35. Nd4 Kf7 36. Ne6 Ne7 37. Qc2 g6 38. h4 c6 39. Nd4 cxd5 40.
cxd5 f5 41. g5 Qc8 42. Qd3 Nxd5 43. Nf3 Qe6 44. Qb3 Qe4 45. b5 Qxf4+ 46. Kf2
Qe4 47. bxa6 bxa6 48. Qb7+ Ne7 49. Qxa6 Qc6 50. Qe2 Qc5+ 51. Kg3 Nd5 52. Qa6
Ke6 53. Qa8 Ne7 54. a4 Qb4 55. a5 Qg4+ 56. Kf2 Qe4 57. Qa6 f4 58. Qb5 Qc2+ 59.
Kf1 Qc1+ 60. Ne1 Qc6 61. Qe2+ Kd7 62. a6 Qh1+ 63. Kf2 Qxh4+ 64. Kf1 Qh3+ 65.
Kf2 Qe3+ 66. Qxe3 fxe3+ 67. Kxe3 Kc6 68. Nf3 Kb6 69. Nh2 Kxa6 70. Ng4 Kb5 71.
Nf6 Kc4 72. Nxh7 d5 73. Nf6 d4+ 74. Kd2 Nf5 75. Ng4 Nd6 76. Ne5+ Kd5 77. Nxg6
1/2-1/2